| 000 | 00000nam##2200000za#4500 |
| 001 | 9.618929 |
| 003 | CaOODSP |
| 005 | 20210615103133 |
| 007 | ta |
| 008 | 150406|2008||||xxc||||| f|0| 0 eng|d |
| 022 | |a0706-6457 |
| 040 | |aCaOODSP|beng |
| 043 | |an-cn--- |
| 086 | 1 |aFs97-6/2801E |
| 110 | 1 |aCanada. |bDepartment of Fisheries and Oceans. |
| 245 | 10|aAdenosine triphosphate (ATP) and protein data in some species of deep-sea corals in Newfoundland and Labrador region (northwest Atlantic Ocean) / |cby D. Hamoutene ... [et al.]. |
| 260 | |aSt. John's - Newfoundland and Labrador : |bFisheries and Oceans Canada |c2008. |
| 300 | |aiv, 18p. : |bcoloured map, figs. (some coloured), graphs, references, tables ; |c28 cm. |
| 490 | 1 |aCanadian technical report of fisheries and aquatic sciences|x0706-6457|v2801 |
| 500 | |a"Science Branch, Fisheries and Oceans Canada, P.O. Box 5667, St. John's, NL, A1C 5X1"--Cover. |
| 546 | |a(Résumé en français.) |
| 563 | |aSpiral binding |
| 590 | |a08-29|b2008-07-18 |
| 690 | 07|aAtlantic provinces|2gcpds |
| 690 | 07|aAquatic ecosystems|2gcpds |
| 720 | 1 |aHamoutene, D. |
| 776 | 0#|tAdenosine triphosphate (ATP) and protein data in some species of deep-sea corals in Newfoundland and Labrador region (northwest Atlantic Ocean) / |w(CaOODSP)9.566971 |
| 830 | #0|aCanadian technical report of fisheries and aquatic sciences,|x0706-6457|v2801|w(CaOODSP)9.514691 |